La estadística en cómic
Guardat en:
| Autors principals: | , |
|---|---|
| Format: | Llibre |
| Idioma: | espanyol |
| Publicat: |
Barcelona
Zendrera Zariquiey
1999
|
| Matèries: | |
| Etiquetes: |
Afegir etiqueta
Sense etiquetes, Sigues el primer a etiquetar aquest registre!
|
MARC
| LEADER | 00000nam a2200000 a 4500 | ||
|---|---|---|---|
| 001 | UCN8959 | ||
| 003 | CL-VaPUC | ||
| 008 | 011123e19990000SP |||||||||||||||||spa|d | ||
| 082 | 0 | 4 | |a 519.5 |b GON |2 21 |
| 100 | |a Gonick, Larry |e author |9 576451 | ||
| 700 | 0 | |a Smith, Woollcott |e author |9 465482 | |
| 245 | 1 | 3 | |a La estadística en cómic |
| 300 | |a 230 p | ||
| 942 | |c BK | ||
| 945 | |d 20011123 00:00:00 |a cmena | ||
| 260 | |a Barcelona |b Zendrera Zariquiey |c 1999 | ||
| 650 | 0 | |a Estadística matemática |9 260028 | |
| 650 | 0 | |a Métodos de enseñanza |9 270413 | |
| 650 | 0 | |a Teoría de probabilidades |9 336944 | |
| 650 | 0 | |a Variables |9 338106 | |
| 650 | 0 | |a Muestreo (Estadística) |9 270232 | |
| 583 | |a last modification |c 20011123 00:00:00 |k Rodrigo Vera | ||
| 999 | |c 298636 |d 298634 | ||
| 952 | |0 0 |1 0 |4 0 |6 519_500000000000000_GON_1999 |7 0 |8 A |9 354388 |a BIBGIM |b BIBGIM |d 2019-11-21 |i 3777502 |l 1 |o 519.5 GON 1999 |p 3777502 |r 2025-01-15 |s 2022-11-22 |w 2019-11-21 |y BK |k EST | ||